00501nam a2200193Ia 4500003000400000008004100004040001600045082001900061245008200080260004100162650001300203650001000216650001000226650001000236650001400246650001000260650001300270650002400283GCL140319s9999 xx 000 0 eng d aGCL / cGCL04aCCb726.1bA R10aREPORT ON THE MONUMENTS OF NUBIA LIKELY TO BE SULOMERGED BY SUDD-EL-ALI WATER a[S.N] : bGOVERNMENT PRESS ، c195504aHIGH DAM04aNUBIA04aEGYPT04aASWAN04aASWAN DAM04aANIBA04aKALABSHA04aEGYPT - ANTIQUITIES